000 00762nam a2200265 a 4500
999 _c5813
_d5813
005 20200601130343.0
008 200601b ||||| |||| 00| 0 spa d
020 _a0660107317
040 _aCO-BoIAVH
_cCO-BoIAVH
041 _aeng
090 _aLB
_b05056
245 _aManual of nearctic diptera
260 _aOttawa
_bMinister of Supply and Services Canada
_c1981
300 _a3 Vols.
650 0 _aInsectos
_xClasificación
_9103236
650 0 _aDiptera
_xClasificación
_9103237
700 _aMcAlpine, J. F.
_992380
700 _aPeterson, B.V.
_992381
700 _aShewell, G. E.
_992382
700 _aTeskey, H. J.
_992383
700 _aVocreroth, J. R.
_992384
700 _aWood, D. M.
_992385
942 _cLIBRO
_03
_2ddc
945 _d2007-09-17